1746 1969 1707 1720 1802 1470 1259 1267 1371 1982 1874 1415 1336 1470 1322 1737 1484 1130 1893 1976 1202 1946 1903 1856 1750 1329 1049 1271 1571 1172 1803 1961 1615 1478 1943 1202 1898 1606 1361 1074 1299 1735 1147 1734 1748 1611 1815 1838 1663 1938 1769 1750 1288 1467 1818 1760 1944 1466 1501 1810 1105 1799 1993 1350 1952 1261 1427 1386 1367 1363 1394 1302 1618 1429 1970 1366 1660 1996 1801 1308 1632 1473 1581 1774 1712 1133 1260 1444 1205 1997 1112 1249 1528 1425 1590 1081 1303 1280 1413 BCNSPRNW ULIB Ver.6.0+V

เปลี่ยนเป็นภาษาไทย

Change to English
 แสดงรายละเอียดบรรณานุกรม
  กลับหน้าหลัก

Brief Record : Get Marc (ISO 2709) : E-mail record : QR code < ปิดหน้าต่าง
LEADER : 00000nam 2200000uu 4500
001    13399115243
003     ULIB
008    120626s2546||||th 000 0 tha d
020    ^a9789749103401
090    ^aรส^bต111พ
100 0  ^aติโม ปารเวลา
245 10 ^aพ่อของผมเป็นซุเปอร์แมน /^cติโม ปารเวลา
250    ^aพิมพ์ครั้งที่ 1
260    ^aกรุงเทพฯ :^bมูลนิธิดำรงชัยธรรม,^c2546
300    ^a126 หน้า
600 07 ^aปิยธิดา มโหสถนันทน์^xแปล
650  7 ^aความเรียง
650  7 ^aวันมหาวิปโยค
945    ^p85^l0^i19169
995    ^aทศพร
999 ^a ใช้งานได้ทุกระบบ
รายการนี้ยังไม่มีแท็ก
คุณยังไม่ได้ล็อกอิน คุณสามารถมีกิจกรรมร่วมกับเว็บไซต์ได้ แต่ต้องล็อกอินก่อน ::
  ล็อกอิน

รายการสื่อสารสนเทศ

ลำดับที่ ประเภท เลขเรียก/บาร์โค้ด สถานที่ สถานะ
1. นวนิยาย
นวนิยาย
รส ต111พ ฉ.1 
  Barcode: 19169
ห้องสมุดวิทยาเขตสวรรค์ประชารักษ์
►นวนิยาย
บนชั้น
  ขอยืม

รายการใกล้เคียง
    หัวเรื่อง [ความเรียง]
    หัวเรื่อง [วันมหาวิปโยค]

BibComment


ยังไม่เคยถูกคอมเมนท์

คอมเมนท์ทรัพยากรรายการนี้
  คอมเมนท์: พ่อของผมเป็นซุเป..


 Copyright 2026. Bcnsprnw @Library